20 Biggest Cities in Florida - Statistics

General Stats
  • This quiz has been taken 106 times
  • The average score is 14 of 20
Answer Stats
Hint Answer % Correct
460,289 Miami
100%
997,164 Jacksonville
99%
325,044 Orlando
99%
408,510 Tampa
99%
203,650 Tallahassee
96%
184,709 Fort Lauderdale
85%
264,982 St. Petersburg
83%
220,930 Hialeah
75%
234,132 Cape Coral
72%
257,756 Port St. Lucie
71%
116,689 Clearwater
69%
147,001 Gainesville
67%
126,337 West Palm Beach
64%
154,211 Hollywood
63%
125,056 Lakeland
53%
171,134 Pembroke Pines
51%
114,173 Pompano Beach
49%
140,700 Palm Bay
40%
135,152 Coral Springs
39%
139,586 Miramar
36%
No matching quizzes found
Score Distribution
Percent of People with Each Score
Percentile by Number Answered
Your Score History
You have not taken this quiz